Statistics for Geographic Groups of Two #3

Click here to take the quiz!

General Stats

  • This quiz has been taken 13,431 times
  • The average score is 27 of 40

Answer Stats

Clue Answer % Correct
Oldest universities in EnglandOxford
96%
Major cities of the United Arab EmiratesDubai
92%
Brazilian megacitiesRio de Janeiro
92%
U.S. National Parks starting with YYellowstone
90%
Countries bordering only India and ChinaNepal
88%
Oldest universities in EnglandCambridge
87%
Official languages of CyprusGreek
86%
Countries with territory in PatagoniaArgentina
85%
Largest lochs in Scotland by volumeLoch Ness
84%
Countries with territory in PatagoniaChile
84%
Official languages of CyprusTurkish
82%
Largest Asian desertsGobi
81%
European territories handed back to China in the 1990sHong Kong
81%
Empires whose capital was ConstantinopleOttoman Empire
80%
Major cities of the United Arab EmiratesAbu Dhabi
80%
Brazilian megacitiesSão Paulo
79%
Palestinian territoriesGaza Strip
79%
Major branches of IslamSunni
79%
Countries bordering only India and ChinaBhutan
79%
Longest rivers in EuropeDanube
79%
U.S. National Parks starting with YYosemite
78%
Empires whose capital was ConstantinopleByzantine Empire
75%
Major branches of IslamShia
72%
Asian capitals starting with PPyongyang
68%
Countries on the Bay of BiscaySpain
65%
Countries on the Bay of BiscayFrance
64%
Longest rivers in EuropeVolga
63%
European territories handed back to China in the 1990sMacau
60%
Palestinian territoriesWest Bank
60%
U.S. state capitals that get less than 10 inches of rain per yearPhoenix
55%
Countries that gained independence from Netherlands in the 1900sIndonesia
54%
Major cities of AlbertaCalgary
50%
Major cities of AlbertaEdmonton
48%
Asian capitals starting with PPhnom Penh
45%
Most populous U.S. cities ending in "Ville"Jacksonville
39%
Largest lochs in Scotland by volumeLoch Lomond
38%
Countries that gained independence from Netherlands in the 1900sSuriname
34%
Most populous U.S. cities ending in "Ville"Nashville
33%
U.S. state capitals that get less than 10 inches of rain per yearCarson City
32%
Largest Asian desertsArabian
25%

Score Distribution

Percentile by Number Answered

Percent of People with Each Score

Your Score History

You have not taken this quiz